| 000 | 01629nam a2200373 a 4500 | ||
|---|---|---|---|
| 001 | ebr10103772 | ||
| 003 | CaPaEBR | ||
| 006 | m u | ||
| 007 | cr cn||||||||| | ||
| 008 | 000612s2001 enka sb 001 0 eng | ||
| 010 | _z 00055678 | ||
| 020 | _z0333770471 | ||
| 040 |
_aCaPaEBR _cCaPaEBR |
||
| 035 | _a(OCoLC)559941942 | ||
| 043 | _ae-uk--- | ||
| 050 | 1 | 4 |
_aZ325 _b.B738 2001eb |
| 082 | 0 | 4 |
_a070.5/0941/09034 _221 |
| 100 | 1 |
_aBrake, Laurel, _d1941- |
|
| 245 | 1 | 0 |
_aPrint in transition, 1850-1910 _h[electronic resource] : _bstudies in media and book history / _cLaurel Brake. |
| 260 |
_aHoundmills, Basingstoke, Hampshire ; _aNew York : _bPalgrave, _c2001. |
||
| 300 |
_axv, 341 p. : _bill. |
||
| 504 | _aIncludes bibliographical references (p. 307-320) and index. | ||
| 533 |
_aElectronic reproduction. _bPalo Alto, Calif. : _cebrary, _d2013. _nAvailable via World Wide Web. _nAccess may be limited to ebrary affiliated libraries. |
||
| 600 | 1 | 0 |
_aPater, Walter, _d1839-1894. |
| 650 | 0 |
_aPublishers and publishing _zGreat Britain _xHistory _y19th century. |
|
| 650 | 0 |
_aPublishers and publishing _zGreat Britain _xHistory _y20th century. |
|
| 650 | 0 |
_aEnglish periodicals _xHistory _y19th century. |
|
| 650 | 0 |
_aEnglish periodicals _xHistory _y20th century. |
|
| 650 | 0 |
_aSex in mass media _zGreat Britain _xHistory _y19th century. |
|
| 650 | 0 |
_aSex in mass media _zGreat Britain _xHistory _y20th century. |
|
| 655 | 7 |
_aElectronic books. _2local |
|
| 710 | 2 | _aebrary, Inc. | |
| 856 | 4 | 0 |
_uhttp://site.ebrary.com/lib/rucke/Doc?id=10103772 _zAn electronic book accessible through the World Wide Web; click to view |
| 999 |
_c206430 _d206430 |
||